| 000 | 00731nam a2200253Ia 4500 | ||
|---|---|---|---|
| 003 | OSt | ||
| 005 | 20220918164526.0 | ||
| 006 | a|||||r|||| 00| 0 | ||
| 007 | ta | ||
| 008 | 220917b |||||||| |||| 00| 0 eng d | ||
| 020 | _a0674076575 | ||
| 024 | _a30,543 | ||
| 037 | _cTextual | ||
| 040 |
_aARTS _cARTS _beng |
||
| 041 |
_2eng _aeng |
||
| 082 | _aO111,3(Y:45:61):gm, L6 | ||
| 100 |
_aOusby Ian _918513 |
||
| 245 | 0 |
_aBloodhounds of haven _b the dective in English fiction from Godwin to Doyle |
|
| 260 |
_aCambridge _bHqarvard Univ Press UK _c1976 |
||
| 300 |
_ax,194p. _ccm. |
||
| 650 | _aENGLISH LITERATURE | ||
| 942 |
_hO111,3(Y:45:61):gm, L6 _cTEXL _2CC |
||
| 999 |
_c125205 _d125205 |
||